00790nam a2200181 a 450000100100000000500170001000800410002704000250006808200150009310000250010824501080013326000450024130000210028650000680030770000380037595201780041399900170059100004223120201002040022.0131120s1969 sp 000 0 spa d aDO-SdBNPbspacBNPHU axxxxbxxxx1 aStucka, P. I.96925013aLa función revolucionaria del derecho y del estado. /cP. I. Stucka; prólogo, Juan Ramón Capella. aBarcelona :bEdiciones Peninsula,c1969. a354 p. ;c21 cm. aPerteneció a la biblioteca personal de Germán Emilio Ornes.1 aCapella, Juan Ramóneed.948668 001050718MOaPDbPDcCTd2013-11-20iLF1l0oxxxx xxxxp42231-10r2020-06-25w2020-06-25y1zPerteneció a la biblioteca personal de Germán Emilio Ornes.ZNo se presta c41720d41720